Six sigma distribution modeling / (Record no. 347309)
[ view plain ]
| 000 -LEADER | |
|---|---|
| fixed length control field | 01182 a2200181 4500 |
| 020 ## - INTERNATIONAL STANDARD BOOK NUMBER | |
| International Standard Book Number | 0071482784 (hardcover) |
| 020 ## - INTERNATIONAL STANDARD BOOK NUMBER | |
| International Standard Book Number | 9780071482783 (hardcover) |
| 082 04 - DEWEY DECIMAL CLASSIFICATION NUMBER | |
| Classification number | 658.4013 |
| 090 ## - LOCALLY ASSIGNED LC-TYPE CALL NUMBER (OCLC); LOCAL CALL NUMBER (RLIN) | |
| -- | 4879 |
| -- | 4879 |
| 100 1# - MAIN ENTRY--PERSONAL NAME | |
| Personal name | Sleeper, Andrew. |
| 245 10 - TITLE STATEMENT | |
| Title | Six sigma distribution modeling / |
| Statement of responsibility, etc. | Andrew Sleeper. |
| 250 ## - EDITION STATEMENT | |
| Edition statement | 1st ed. |
| 260 ## - PUBLICATION, DISTRIBUTION, ETC. | |
| Place of publication, distribution, etc. | [S.l.] : |
| Name of publisher, distributor, etc. | McGraw-Hill Professional, |
| Date of publication, distribution, etc. | 2006. |
| 300 ## - PHYSICAL DESCRIPTION | |
| Extent | 448 p. ; |
| Dimensions | 24 cm. |
| 520 ## - SUMMARY, ETC. | |
| Summary, etc. | Sleeper provides six sigma practitioners with the tools which will allow them to stand out from your competitors by using advanced statistical and modeling tools for more in-depth analysis. Understanding and properly utilizing statistical data distributions is one of the most important and difficult skills for a six sigma practitioner to possess. Sleeper provides six sigma practitioners with a road map for selecting and using distributions for more precise outcomes. With the added value of Crystal Ball Modeling software, this book becomes a powerful tool for analyzing and modeling difficult data quickly and efficiently. |
| 856 40 - ELECTRONIC LOCATION AND ACCESS | |
| Materials specified | Amazon.com |
| Uniform Resource Identifier | <a href="http://www.amazon.com/exec/obidos/ASIN/0071482784/chopaconline-20">http://www.amazon.com/exec/obidos/ASIN/0071482784/chopaconline-20</a> |
| 942 ## - ADDED ENTRY ELEMENTS (KOHA) | |
| Institution code [OBSOLETE] | NBS |
| Koha item type | Book |
| Call number prefix | 658.4013 SLE |
| Withdrawn status | Lost status | Damaged status | Not for loan | Permanent Location | Current Location | Date acquired | Total Checkouts | Full call number | Barcode | Date last seen | Price effective from | Koha item type |
|---|---|---|---|---|---|---|---|---|---|---|---|---|
| Central Library (CL) | Central Library (CL) | 08/28/2013 | 658.4013 SLE | NBS8215 | 08/28/2013 | 08/28/2013 | Book |
